00623nam a2200157 a 450000100100000000500170001000800410002704000250006808200150009324500910010826000700019930000350026970000310030495201130033599900170044800004559420201002052332.0150416sxxu cl ac 000 0 spa d aDO-SdBNPbspacBNPHU axxxxbxxxx00aPleno perdon :bun mesaje de esperanza para los encarcelados /cediditor Richard Coss. aColombia :aRepública Dominicana :bLa Liga Bíblica,c[s.f.]. a47 p. :bil., retrs. ;c19 cm.12aCoss, Richard,eed.973662 001050718MOaPDbPDcHDd2015-04-16iLF1l0oxxxx xxxxp45594-10r2020-06-25w2020-06-25y1ZNo se presta c45083d45083